Statistics for Hidden Country#2

Click here to take the quiz!

General Stats

  • This quiz has been taken 44 times
  • The average score is 8 of 9

Answer Stats

CountryCapital Beginning with AAfricanBorders RussiaAtlantic coastOver 10 mill popHosted Summer OlympicsAnswer% Correct
IrelandERTOKMO
97%
Sierra LeoneTANFHQA
94%
EcuadorSRBIEDE
94%
ParaguayVHOPNIV
94%
BahamasHCPIYBI
91%
VietnamRUJPLML
91%
SeychellesWNTIMZN
91%
AndorraSFHLGXS
91%
Hidden CountrySlovenia
71%

Score Distribution

Percentile by Number Answered

Percent of People with Each Score

Your Score History

You have not taken this quiz